000 00716nam a2200157 i 4500
001 31106
003 ES-MaACL
007 t|
008 030128s1860 fr ||||1| fre d
100 1 _aBazin, Antoine-Pierre Ernest.
_926746
245 1 0 _aLeçons théoriques et cliniques suer les affections cutanées de nature arthritiqueret et dartrense considerées en elles-mêmes et dans leurs rapports avec les eruptions scrofulenses parasitaires et shyphilitiques /
_cprofessées par Barin ; redigées et publiées par Lucien Sergent.
260 _aParís :
_b[s.n.,
_c1860] (
_fE. Martinet)
300 _aIV, 384 p.
700 1 _aSergent, Lucien.
_9105545
852 _aES-MaACL
_jG-14081(2)
_q. - Encuadernado con otras obras
999 _c31106
_d31106